000 00930nam a22002297a 4500
008 240605b mp ||||| |||| 00| 0 mon d
020 _a978-99973-1455-0
035 _a29906
040 _aHE0623081
_bmon
_cMN-UlNLM
_dMN-UlNLM
_erda
041 _amon
042 _a70733
084 _2NNA
_a92
_bГ.14
245 0 _aГайхамшигт газар дэлхий
264 _aУБ.
_bМонсудар хэвлэлийн газар
_c2017
300 _a31х.
336 _2rdacontent
_atext
_btxt
337 _2rdamedia
_aunmediated
_bn
338 _2rdacarrier
_avolume
_bnc
650 _aБяцхан газар зүйчдэд тун тохиромжтой, тэр ч байтугай унших дургүй хүүхдүүдийн сонирхлыг ч татаж чадах энэхүү бүтээлч номд галт у...
942 _2NNA
_cBK
999 _c895517
_d895574